00313nam a2200121Ia 4500008004100000041000800041082001800049100001700067245003400084260003200118300003000150365001100180240624s9999 xx 000 0 und d aeng a658.80081 TUN aTUNGATE MARK aBRANDED MALE MARKETING TO MEN c2008aNew DelhibKogan Page aix, : 228 : p. : cm. ; 22 cRSb27